000 00924nam a22001697a 4500
999 _c63864
_d63864
003 Ge_BSU
005 20260209144734.0
008 260209s1974 ge ||||| |||| 00| 0 geo d
041 _ageo
080 _a330.12(479.223) კ-54
100 _aკირჩხელი, ამირან
_926843
245 _aმოსახლეობის მატერიალური კეთილდღეობის ზრდა განვითარებულ სოციალისტურ საზოგადოებაში :
_b (აჭარის ასსრ მაგალითზე) /
_cამირან კირჩხელი.
264 _aბათუმი :
_bსაბჭ. აჭარა,
_c1974.
300 _a91 გვ. ;
_b20 სმ.
653 _aაჭარის მოსახლეობის მატერიალური კეთილდღეობა
942 _2udc
_cBK